[Event "Olympiad-37"]
[Site "Turin"]
[Date "2006.05.27"]
[Round "6"]
[White "Chinasamy, Devarajen"]
[Black "Farley, Terry"]
[Result "0-1"]
[WhiteElo "2165"]
[BlackElo "2244"]
[PlyCount "82"]
[EventDate "2006.05.21"]
[EventType "team-swiss"]
[EventRounds "13"]
[EventCountry "ITA"]
[SourceTitle "CBM 113"]
[Source "ChessBase"]
[SourceDate "2006.07.31"]
[SourceVersion "1"]
[SourceVersionDate "2006.07.31"]
[SourceQuality "1"]
[WhiteTeam "Mauritius"]
[BlackTeam "Barbados"]
[WhiteTeamCountry "MRI"]
[BlackTeamCountry "BAR"]

1. e4 c5 2. f4 d6 3. Bc4 Nc6 4. Nf3 g6 5. Nc3 Bg7 6. d3 e6 7. 0-0 Nge7 8. a4 0-0 9. Qe1 d5 10. Bb3 Nd4 11. Nxd4 cxd4 12. Ne2 dxe4 13. dxe4 Bd7 14. Ng3 Bc6 15. f5 exf5 16. exf5 Nd5 17. Qe2 Qh4 18. Bxd5 Bxd5 19. Rf4 Qd8 20. Bd2 Re8 21. Qd3 Qb6 22. b3 Rac8 23. Rf2 Re3 24. Qb5 Qc6 25. Qb4 Qd6 26. Qb5 a6 27. Raf1 Qb4 28. Bxb4 d3 29. c4 Bc6 30. Bc5 Ree8 31. Bb6 h5 32. Rd1 h4 33. Nf1 Be4 34. fxg6 Bxg6 35. Rf4 Rc6 36. a5 Re2 37. Rxh4 Rce6 38. Bf2 Ra2 39. Ne3 d2 40. Nd5 Ra1 41. Rxa1 Bxa1 0-1